Разработка бимета ллических Ni-М/Ce0,5Zr0,5O2/Al2O3 (M = Pd, Pt, Re, Mo, Sn) катализаторов для автотермического риформинга метана; Перспективы развития фундаментальных наук; Т. 2 : Химия
| Parent link: | Перспективы развития фундаментальных наук=Prospects of Fundamental Sciences Development: сборник научных трудов XIV Международной конференции студентов, аспирантов и молодых ученых, г. Томск, 25-28 апреля 2017 г./ Национальный исследовательский Томский политехнический университет (ТПУ) ; под ред. И. А. Курзиной, Г. А. Вороновой.— , 2017 Т. 2 : Химия.— 2017.— [С. 58-60] |
|---|---|
| Hlavní autor: | |
| Další autoři: | , , |
| Shrnutí: | Заглавие с экрана Ni-M/Ce0,5Zr0,5O2/Al2O3 catalysts for autothermal reforming of methane (ATR of CH4) were prepared by sequential impregnation method. The effects of the type (M = Pd, Pt, Re, Mo, Sn) and content (M/Ni = 0,03‒0,003) of promoters on the physicochemical characteristics of Ni-M supported catalysts and on their activity to produce hydrogen by ATR of CH4 were studied. It was found that the additive determines NiO dispersion as well as reducibility of Ni2+ species. It was demonstrated that the catalyst performance in ATR of CH4 was correlated with catalyst ability for reduction. The optimal formula of catalyst for effective methane conversion into hydrogen-containing gas was developed. The high and stable yield of hydrogen (70% at 850 °C) was achieved in ATR of CH4 over 10Ni-0,05Pd/10Ce0,5Zr0,5O2/Al2O3 catalyst. |
| Jazyk: | ruština |
| Vydáno: |
2017
|
| Témata: | |
| On-line přístup: | http://earchive.tpu.ru/handle/11683/44486 |
| Médium: | MixedMaterials Elektronický zdroj Kapitola |
| KOHA link: | https://koha.lib.tpu.ru/cgi-bin/koha/opac-detail.pl?biblionumber=624479 |
MARC
| LEADER | 00000naa2a2200000 4500 | ||
|---|---|---|---|
| 001 | 624479 | ||
| 005 | 20231101133320.0 | ||
| 035 | |a (RuTPU)RU\TPU\conf\23739 | ||
| 035 | |a RU\TPU\conf\23737 | ||
| 090 | |a 624479 | ||
| 100 | |a 20171123d2017 k y0rusy50 ca | ||
| 101 | 0 | |a rus |d eng | |
| 102 | |a RU | ||
| 105 | |a y z 100zy | ||
| 135 | |a drcn ---uucaa | ||
| 181 | 0 | |a i | |
| 182 | 0 | |a b | |
| 200 | 1 | |a Разработка бимета ллических Ni-М/Ce0,5Zr0,5O2/Al2O3 (M = Pd, Pt, Re, Mo, Sn) катализаторов для автотермического риформинга метана |d Development of bimetallic Ni-М/Ce0,5Zr0,5O2/Al2O3 (M = Pd, Pt, Re, Mo, Sn) catalysts for autothermal reforming of methane |f И. А. Рундау, Е. В. Матус, В. В. Кузнецов |g науч. рук. М. А. Керженцев | |
| 203 | |a Текст |c электронный | ||
| 230 | |a 1 компьютерный файл (pdf; 277 Kb) | ||
| 300 | |a Заглавие с экрана | ||
| 320 | |a [Библиогр.: с. 60 (8 назв.)] | ||
| 330 | |a Ni-M/Ce0,5Zr0,5O2/Al2O3 catalysts for autothermal reforming of methane (ATR of CH4) were prepared by sequential impregnation method. The effects of the type (M = Pd, Pt, Re, Mo, Sn) and content (M/Ni = 0,03‒0,003) of promoters on the physicochemical characteristics of Ni-M supported catalysts and on their activity to produce hydrogen by ATR of CH4 were studied. It was found that the additive determines NiO dispersion as well as reducibility of Ni2+ species. It was demonstrated that the catalyst performance in ATR of CH4 was correlated with catalyst ability for reduction. The optimal formula of catalyst for effective methane conversion into hydrogen-containing gas was developed. The high and stable yield of hydrogen (70% at 850 °C) was achieved in ATR of CH4 over 10Ni-0,05Pd/10Ce0,5Zr0,5O2/Al2O3 catalyst. | ||
| 461 | 1 | |0 (RuTPU)RU\TPU\conf\21388 |t Перспективы развития фундаментальных наук |l Prospects of Fundamental Sciences Development |o сборник научных трудов XIV Международной конференции студентов, аспирантов и молодых ученых, г. Томск, 25-28 апреля 2017 г. |o в 7 т. |f Национальный исследовательский Томский политехнический университет (ТПУ) ; под ред. И. А. Курзиной, Г. А. Вороновой |d 2017 | |
| 463 | 1 | |0 (RuTPU)RU\TPU\conf\21390 |t Т. 2 : Химия |v [С. 58-60] |d 2017 | |
| 510 | 1 | |a Development of bimetallic Ni-М/Ce0,5Zr0,5O2/Al2O3 (M = Pd, Pt, Re, Mo, Sn) catalysts for autothermal reforming of methane |z eng | |
| 610 | 1 | |a электронный ресурс | |
| 610 | 1 | |a углеводород | |
| 610 | 1 | |a энергоносители | |
| 610 | 1 | |a нефтехимическая промышленность | |
| 610 | 1 | |a риформинг | |
| 610 | 1 | |a каталитические процессы | |
| 700 | 1 | |a Рундау |b И. А. | |
| 701 | 1 | |a Матус |b Е. В. | |
| 701 | 1 | |a Кузнецов |b В. В. | |
| 702 | 1 | |a Керженцев |b М. А. |4 727 | |
| 801 | 2 | |a RU |b 63413507 |c 20171206 |g RCR | |
| 856 | 4 | |u http://earchive.tpu.ru/handle/11683/44486 | |
| 942 | |c BK | ||